00311nam a22001097a 4500082001300000100001800013245008100031260004400112300001200156563000800168650002500176 a340bSOH aSohail, Aftab aEnglish-1:bLL.B. 5 Years Program As per H.E.C. New Syllabus /cAftab Sohail aLahore :bMansoor Law Book House,cN.A. a428 p.  aHB. aLaw, English for LLB